000 00443nam a2200181Ia 4500
001 5180
005 20260306145849.0
008 260306t2013||||xx |||||||||||||| ||spa||
041 _aESP
082 _a337
_bD98
100 _aDurán Romero, Gemma
_eAUT
245 0 _aEstructura económica y relaciones internacionales
260 _c2013
300 _a405 páginas :
_c24 cm.
650 _aGEN
654 _aCAN
942 _cLIB
_dJUS
_fJUS
_2ddc
_n
999 _c5180
_d5180